000 00584nam a2200205Ia 4500
005 20250923145151.0
008 008 250917s9999 xx 000 0 eng d
037 _aTextual
040 _aDSWL
_beng
_cDSWL
041 _aeng
_2eng
084 _aY11:7:4653, N69
_qDSWL
100 _aBettelheim, Bruno
_9832460
245 0 _aChildren of the dream
_cby Bruno Bettelheim
260 _aLondon
_bThames & Hudson Ltd.
_c1969
300 _axii,297p.
365 _aINR
_b50
925 _g50
942 _cTEXL
_hY11:7:4653, N69
999 _c1447980
_d1447980